| 000 | 00451nam a2200157Ia 4500 | ||
|---|---|---|---|
| 003 | GCL | ||
| 008 | 140319s9999 xx 000 0 eng d | ||
| 040 |
_aGCL / _cGCL |
||
| 082 | 0 | 4 |
_a745.619927 _bS C |
| 100 | 1 | _aSCHIMMEL, ANNEMARIE | |
| 245 | 1 | 0 |
_aCALLIGRAPHY AND ISLAMIC CULTURE / _cSCHIMMEL, ANNEMARIE |
| 260 |
_a[S.N] : _bI.B. TAURIS & CO LTD PUBLISHERS ، _c1990 |
||
| 300 | _a264 | ||
| 650 | 0 | 4 | _aISLAMIC CALLIGRAPHY, TO 1975 C |
| 942 |
_2ddc _cBK |
||
| 999 |
_c17283 _d17283 |
||